[Event "Williamson Sheild 2026"]
[Site "Maynard Sinclaire Pavilion, Stormont, Belfast, United Kingdom"]
[Date "2026.01.24"]
[Round "2.3"]
[White "Bradshaw, Jack"]
[Black "Coler, Ethan"]
[Result "1/2-1/2"]
[TimeControl "60' + 30\""]
[WhiteFideId "2542021"]
[BlackFideId "2514818"]
[WhiteElo "1790"]
[BlackElo "2018"]

1. c4 {[%clk 01:00:57]} {[%emt 00:00:05]} Nf6 {[%clk 01:00:59]} 2. Nf3 {[%clk
01:01:18]} {[%emt 00:00:05]} g6 {[%clk 01:01:26]} 3. Nc3 {[%clk 01:01:33]}
{[%emt 00:00:11]} Bg7 {[%clk 01:01:54]} {[%emt 00:00:14]} 4. g3 {[%clk
01:01:55]} O-O {[%clk 01:02:20]} {[%emt 00:00:04]} 5. Bg2 {[%clk 01:02:19]}
{[%emt 00:00:09]} d6 {[%clk 01:02:35]} {[%emt 00:00:12]} 6. O-O {[%clk
01:02:37]} {[%emt 00:00:07]} Re8 {[%clk 01:01:33]} {[%emt 00:01:46]} 7. d3
{[%clk 01:01:35]} {[%emt 00:01:20]} e5 {[%clk 01:01:16]} {[%emt 00:01:29]} 8.
Rb1 {[%clk 00:59:38]} {[%emt 00:01:44]} c6 {[%clk 00:59:53]} {[%emt 00:02:29]}
9. e4 {[%clk 00:58:18]} {[%emt 00:01:33]} Bd7 {[%clk 00:58:49]} {[%emt
00:01:30]} 10. h3 {[%clk 00:56:29]} {[%emt 00:02:04]} h6 {[%clk 00:57:33]}
{[%emt 00:01:46]} 11. Be3 {[%clk 00:56:17]} {[%emt 00:00:45]} Qc8 {[%clk
00:56:56]} {[%emt 00:01:37]} 12. Kh2 {[%clk 00:56:00]} {[%emt 00:00:14]} Rf8
{[%clk 00:56:50]} {[%emt 00:00:39]} 13. c5 {[%clk 00:52:01]} {[%emt 00:04:58]}
g5 {[%clk 00:50:47]} {[%emt 00:06:22]} 14. cxd6 {[%clk 00:49:08]} {[%emt
00:03:00]} Re8 {[%clk 00:47:42]} {[%emt 00:03:36]} 15. Nd2 {[%clk 00:44:52]}
{[%emt 00:04:45]} g4 {[%clk 00:45:53]} {[%emt 00:02:19]} 16. h4 {[%clk
00:44:18]} {[%emt 00:01:13]} Be6 {[%clk 00:43:52]} {[%emt 00:02:22]} 17. Rc1
{[%clk 00:40:21]} {[%emt 00:05:10]} Rd8 {[%clk 00:39:33]} {[%emt 00:04:05]} 18.
Nb5 {[%clk 00:37:08]} {[%emt 00:03:45]} Ne8 {[%clk 00:38:17]} {[%emt 00:01:50]}
19. Nb3 {[%clk 00:29:20]} {[%emt 00:08:55]} Nxd6 {[%clk 00:36:12]} {[%emt
00:01:53]} 20. Nxd6 {[%clk 00:27:50]} {[%emt 00:02:11]} Rxd6 {[%clk 00:36:39]}
21. Bc5 {[%clk 00:25:44]} {[%emt 00:02:27]} Rd8 {[%clk 00:36:06]} {[%emt
00:01:03]} 22. Qc2 {[%clk 00:24:26]} {[%emt 00:02:15]} Qd7 {[%clk 00:34:06]}
{[%emt 00:02:02]} 23. Rfd1 {[%clk 00:24:27]} {[%emt 00:00:48]} b6 {[%clk
00:33:36]} {[%emt 00:00:57]} 24. Be3 {[%clk 00:24:23]} {[%emt 00:00:19]} c5
{[%clk 00:33:18]} {[%emt 00:00:48]} 25. Bf1 {[%clk 00:22:39]} {[%emt 00:02:13]}
Nc6 {[%clk 00:31:42]} {[%emt 00:02:10]} 26. a3 {[%clk 00:19:47]} {[%emt
00:03:19]} Rac8 {[%clk 00:30:35]} {[%emt 00:01:37]} 27. Na1 {[%clk 00:17:30]}
{[%emt 00:02:47]} Qe7 {[%clk 00:23:14]} {[%emt 00:08:16]} 28. Qa4 {[%clk
00:15:52]} {[%emt 00:01:42]} Qf6 {[%clk 00:17:02]} {[%emt 00:06:45]} 29. Kg1
{[%clk 00:14:10]} {[%emt 00:02:10]} Bd7 {[%clk 00:16:19]} {[%emt 00:01:13]} 30.
Qc2 {[%clk 00:14:00]} {[%emt 00:00:42]} Be6 {[%clk 00:16:40]} {[%emt 00:00:07]}
31. Qa4 {[%clk 00:14:11]} {[%emt 00:00:37]} Qe7 {[%clk 00:17:04]} 32. Be2
{[%clk 00:14:10]} {[%emt 00:00:19]} Nd4 {[%clk 00:16:15]} {[%emt 00:01:36]} 33.
Bxd4 {[%clk 00:14:07]} {[%emt 00:00:23]} Rxd4 {[%clk 00:16:43]} {[%emt
00:00:13]} 34. Qa6 {[%clk 00:13:37]} {[%emt 00:00:42]} Qd7 {[%clk 00:16:15]}
{[%emt 00:01:10]} 35. b4 {[%clk 00:11:24]} {[%emt 00:02:35]} cxb4 {[%clk
00:15:27]} {[%emt 00:01:13]} 36. Rxc8+ {[%clk 00:11:20]} {[%emt 00:00:44]} Qxc8
{[%clk 00:15:56]} 37. Qxa7 {[%clk 00:10:38]} {[%emt 00:01:30]} bxa3 {[%clk
00:15:58]} {[%emt 00:00:04]} 38. Qxa3 {[%clk 00:10:43]} {[%emt 00:00:22]} Qd7
{[%clk 00:13:53]} {[%emt 00:03:01]} 39. Qb2 {[%clk 00:09:47]} {[%emt 00:01:00]}
Qb7 {[%clk 00:12:51]} {[%emt 00:01:32]} 40. Rb1 {[%clk 00:09:42]} {[%emt
00:00:50]} Rd6 {[%clk 00:12:40]} {[%emt 00:00:52]} 41. Nb3 {[%clk 00:09:35]}
{[%emt 00:00:12]} Qd7 {[%clk 00:11:41]} {[%emt 00:01:28]} 42. Nc1 {[%clk
00:08:14]} {[%emt 00:01:52]} f5 {[%clk 00:10:00]} {[%emt 00:02:44]} 43. exf5
{[%clk 00:07:22]} {[%emt 00:00:48]} Bxf5 {[%clk 00:10:27]} {[%emt 00:00:38]} 44.
Qa3 {[%clk 00:05:49]} {[%emt 00:01:31]} Rf6 {[%clk 00:09:53]} {[%emt 00:01:00]}
45. Qa8+ {[%clk 00:05:02]} {[%emt 00:01:44]} Kh7 {[%clk 00:09:55]} {[%emt
00:00:09]} 46. Ra1 {[%clk 00:05:13]} {[%emt 00:00:15]} Be6 {[%clk 00:09:16]}
{[%emt 00:01:07]} 47. Qe4+ {[%clk 00:05:25]} {[%emt 00:00:31]} Kg8 {[%clk
00:07:16]} {[%emt 00:02:23]} 48. Ra8+ {[%clk 00:05:19]} {[%emt 00:01:03]} Rf8
{[%clk 00:06:24]} {[%emt 00:01:08]} 49. Rxf8+ {[%clk 00:05:24]} {[%emt
00:00:05]} Kxf8 {[%clk 00:06:52]} {[%emt 00:00:24]} 50. Qb4+ {[%clk 00:05:08]}
{[%emt 00:00:24]} Kf7 {[%clk 00:06:21]} {[%emt 00:01:01]} 51. Qxb6 {[%clk
00:05:19]} {[%emt 00:00:37]} Qc8 {[%clk 00:06:25]} {[%emt 00:00:09]} 52. Qe3
{[%clk 00:05:01]} {[%emt 00:00:48]} Qc2 {[%clk 00:06:14]} {[%emt 00:00:40]} 53.
h5 {[%clk 00:04:33]} {[%emt 00:01:02]} Bf8 {[%clk 00:05:17]} {[%emt 00:01:23]}
54. Qa7+ {[%clk 00:02:59]} {[%emt 00:02:09]} Be7 {[%clk 00:05:32]} {[%emt
00:00:11]} 55. Qe3 {[%clk 00:03:02]} {[%emt 00:00:46]} Bg5 {[%clk 00:05:11]}
{[%emt 00:00:29]} 56. Qa7+ {[%clk 00:03:17]} {[%emt 00:00:22]} Kf6 {[%clk
00:05:11]} {[%emt 00:00:50]} 57. Qh7 {[%clk 00:02:29]} {[%emt 00:00:53]} Qxc1+
{[%clk 00:05:13]} {[%emt 00:00:42]} 58. Kh2 {[%clk 00:02:53]} {[%emt 00:00:04]}
Qb2 {[%clk 00:04:29]} {[%emt 00:01:01]} 59. Qg6+ {[%clk 00:02:54]} {[%emt
00:00:55]} Ke7 {[%clk 00:04:51]} 60. Qe4 {[%clk 00:03:13]} Qd4 {[%clk
00:04:02]} {[%emt 00:01:13]} 61. Qg2 {[%clk 00:03:01]} {[%emt 00:00:42]} Bd5
{[%clk 00:04:00]} {[%emt 00:00:50]} 62. Qf1 {[%clk 00:03:04]} {[%emt 00:00:12]}
Bf3 {[%clk 00:03:50]} {[%emt 00:00:37]} 63. Kg1 {[%clk 00:03:04]} {[%emt
00:00:45]} Ke6 {[%clk 00:03:29]} {[%emt 00:00:40]} 64. Qd1 {[%clk 00:03:08]}
{[%emt 00:00:33]} Qd5 {[%clk 00:03:37]} {[%emt 00:00:16]} 65. Qe1 {[%clk
00:03:06]} {[%emt 00:00:28]} Qa2 {[%clk 00:02:53]} {[%emt 00:01:33]} 66. Bxf3
{[%clk 00:02:48]} {[%emt 00:00:29]} gxf3 {[%clk 00:03:20]} {[%emt 00:00:34]} 67.
Qe4 {[%clk 00:02:49]} {[%emt 00:00:04]} Qe2 {[%clk 00:03:33]} {[%emt 00:00:43]}
68. Qc6+ {[%clk 00:03:02]} {[%emt 00:00:08]} Kf7 {[%clk 00:03:39]} {[%emt
00:00:05]} 69. Qd7+ {[%clk 00:03:17]} {[%emt 00:00:11]} Be7 {[%clk 00:03:47]}
{[%emt 00:00:25]} 70. Qf5+ {[%clk 00:03:37]} {[%emt 00:00:09]} Ke8 {[%clk
00:03:58]} {[%emt 00:00:19]} 71. Qc8+ {[%clk 00:03:53]} {[%emt 00:00:12]} Bd8
{[%clk 00:04:19]} {[%emt 00:00:38]} 72. Qe6+ {[%clk 00:04:17]} {[%emt
00:00:09]} Kf8 {[%clk 00:04:25]} 73. Qd6+ {[%clk 00:04:00]} {[%emt 00:00:39]}
Be7 {[%clk 00:04:49]} {[%emt 00:00:45]} 74. Qxh6+ {[%clk 00:04:22]} Ke8 {[%clk
00:05:08]} {[%emt 00:00:04]} 75. Qc6+ {[%clk 00:04:38]} Kd8 {[%clk 00:05:13]}
{[%emt 00:00:14]} 76. Qa8+ {[%clk 00:04:08]} {[%emt 00:01:00]} Kc7 {[%clk
00:05:35]} {[%emt 00:00:38]} 77. Qa7+ {[%clk 00:04:15]} {[%emt 00:00:19]} Kd6
{[%clk 00:05:23]} {[%emt 00:00:16]} 78. Qb6+ {[%clk 00:04:29]} {[%emt
00:00:38]} Kd5 {[%clk 00:05:36]} {[%emt 00:00:05]} 79. Qb5+ {[%clk 00:04:30]}
{[%emt 00:00:19]} Ke6 {[%clk 00:05:44]} {[%emt 00:00:45]} 80. Qc6+ {[%clk
00:04:48]} Bd6 {[%clk 00:05:56]} {[%emt 00:00:08]} 81. Qe8+ {[%clk 00:04:47]}
{[%emt 00:00:49]} Kd5 {[%clk 00:06:08]} {[%emt 00:00:12]} 82. Qb5+ {[%clk
00:05:10]} {[%emt 00:00:04]} Bc5 {[%clk 00:05:42]} {[%emt 00:00:46]} 83. Qd7+
{[%clk 00:05:11]} {[%emt 00:00:29]} Bd6 {[%clk 00:06:02]} {[%emt 00:00:15]} 84.
Qb5+ {[%clk 00:05:35]} {[%emt 00:00:09]} Ke6 {[%clk 00:06:22]} {[%emt
00:00:05]} 85. Qe8+ {[%clk 00:06:01]} {[%emt 00:00:05]} Be7 {[%clk 00:06:26]}
{[%emt 00:00:58]} 86. Qc6+ {[%clk 00:06:25]} Bd6 {[%clk 00:05:53]} {[%emt
00:00:32]} 87. Qe8+ {[%clk 00:06:46]} {[%emt 00:00:17]} Kf6 {[%clk 00:05:59]}
{[%emt 00:00:17]} 88. Qg6+ {[%clk 00:06:44]} {[%emt 00:00:32]} Ke7 {[%clk
00:06:21]} {[%emt 00:00:14]} 89. Qg7+ {[%clk 00:06:43]} {[%emt 00:00:24]} Ke6
{[%clk 00:06:26]} {[%emt 00:00:25]} 90. Qg8+ {[%clk 00:06:27]} {[%emt
00:01:01]} Kd7 {[%clk 00:06:48]} 91. Qf7+ {[%clk 00:06:44]} {[%emt 00:00:11]}
Kc6 {[%clk 00:07:03]} {[%emt 00:00:12]} 92. Qc4+ {[%clk 00:07:05]} {[%emt
00:00:13]} Kb6 {[%clk 00:07:18]} {[%emt 00:00:08]} 93. Qb3+ {[%clk 00:07:02]}
{[%emt 00:00:41]} Ka6 {[%clk 00:03:52]} {[%emt 00:03:48]} 94. Qa4+ {[%clk
00:05:54]} {[%emt 00:01:40]} Kb6 {[%clk 00:04:18]} {[%emt 00:00:08]} 95. Qb3+
{[%clk 00:06:06]} {[%emt 00:00:14]} Ka5 {[%clk 00:03:41]} {[%emt 00:01:05]} 96.
Qd5+ {[%clk 00:06:05]} {[%emt 00:00:43]} Ka4 {[%clk 00:04:00]} {[%emt
00:00:09]} 97. Qc6+ {[%clk 00:05:14]} {[%emt 00:01:14]} Kb3 {[%clk 00:04:07]}
{[%emt 00:00:17]} 98. Qb5+ {[%clk 00:04:15]} {[%emt 00:01:33]} Bb4 {[%clk
00:04:07]} {[%emt 00:00:30]} 99. Qc4+ {[%clk 00:04:31]} {[%emt 00:00:22]} Ka3
{[%clk 00:04:14]} {[%emt 00:00:14]} 100. Qc1+ {[%clk 00:04:07]} {[%emt
00:01:23]} Kb3 {[%clk 00:02:51]} {[%emt 00:01:26]} 101. Qc4+ {[%clk 00:04:11]}
{[%emt 00:00:37]} Ka4 {[%clk 00:03:14]} {[%emt 00:00:09]} 102. Qa6+ {[%clk
00:04:27]} {[%emt 00:00:04]} Ba5 {[%clk 00:03:03]} {[%emt 00:00:39]} 103. Qc4+
{[%clk 00:04:33]} {[%emt 00:00:23]} Ka3 {[%clk 00:03:05]} {[%emt 00:00:28]} 104.
Qc1+ {[%clk 00:04:47]} {[%emt 00:00:44]} Ka4 {[%clk 00:02:51]} {[%emt
00:00:16]} 105. Qc4+ {[%clk 00:05:02]} {[%emt 00:00:30]} Bb4 {[%clk 00:03:16]}
{[%emt 00:00:04]} 106. Qa6+ {[%clk 00:05:12]} {[%emt 00:00:06]} Kb3 {[%clk
00:03:37]} {[%emt 00:00:13]} 107. Qc4+ {[%clk 00:05:18]} {[%emt 00:00:29]} Ka3
{[%clk 00:03:55]} {[%emt 00:00:06]} 108. Qc1+ {[%clk 00:05:25]} {[%emt
00:00:20]} Qb2 {[%clk 00:01:20]} {[%emt 00:03:09]} 109. Qe3 {[%clk 00:04:43]}
{[%emt 00:01:10]} Qe2 {[%clk 00:01:43]} {[%emt 00:00:09]} 110. Qc1+ {[%clk
00:05:05]} {[%emt 00:00:06]} Qb2 {[%clk 00:01:48]} {[%emt 00:00:22]} 111. Qe3
{[%clk 00:05:30]} {[%emt 00:00:41]} Qe2 {[%clk 00:01:07]} {[%emt 00:00:36]} 112.
Qc1+ {[%clk 00:05:52]} {[%emt 00:00:11]} Ka2 {[%clk 00:01:23]} {[%emt
00:00:10]} 113. Qc4+ {[%clk 00:06:03]} {[%emt 00:00:42]} Ka1 {[%clk 00:01:36]}
{[%emt 00:00:05]} 114. Qc1+ {[%clk 00:06:25]} Ka2 {[%clk 00:01:45]} {[%emt
00:00:20]} 115. Qc4+ {[%clk 00:06:36]} {[%emt 00:00:45]} Ka3 {[%clk 00:01:16]}
{[%emt 00:00:31]} 116. Qc1+ {[%clk 00:06:51]} {[%emt 00:00:41]} Qb2 {[%clk
00:01:27]} {[%emt 00:00:04]} 117. Qe3 {[%clk 00:06:50]} {[%emt 00:00:21]} Qe2
{[%clk 00:00:53]} {[%emt 00:01:04]} 118. Qc1+ {[%clk 00:07:15]} {[%emt
00:00:59]} Ka4 {[%clk 00:01:15]} 119. Qc6+ {[%clk 00:07:08]} Ka5 {[%clk
00:01:30]} {[%emt 00:00:05]} 120. Qd5+ {[%clk 00:07:17]} {[%emt 00:00:22]} Kb6
{[%clk 00:01:29]} {[%emt 00:00:31]} 121. Qe6+ {[%clk 00:07:16]} {[%emt
00:03:10]} Kb5 {[%clk 00:01:01]} {[%emt 00:00:58]} 122. Qc4+ {[%clk 00:07:34]}
{[%emt 00:00:43]} Ka5 {[%clk 00:00:49]} {[%emt 00:00:14]} 123. Qd5+ {[%clk
00:07:55]} {[%emt 00:00:10]} Kb6 {[%clk 00:00:39]} {[%emt 00:00:35]} 124. Qe6+
{[%clk 00:08:16]} {[%emt 00:00:19]} 1/2-1/2

[ePGN "0.1;DGT LiveChess/2.2.7"]

[Event "Williamson Sheild 2026"]
[Site "Maynard Sinclaire Pavilion, Stormont, Belfast, United Kingdom"]
[Date "2026.01.24"]
[Round "2.5"]
[White "Razbadauskas, Modestas"]
[Black "Annesley, Gareth"]
[Result "1/2-1/2"]
[TimeControl "60' + 30\""]
[WhiteFideId "2513358"]
[BlackFideId "250762"]
[WhiteElo "1764"]
[BlackElo "1920"]

1. d4 {[%clk 00:59:41]} {[%emt 00:01:22]} d5 {[%clk 00:56:17]} {[%emt
00:04:41]} 2. c4 {[%clk 01:00:05]} {[%emt 00:00:33]} e6 {[%clk 00:56:34]}
{[%emt 00:00:10]} 3. Bf4 {[%clk 01:00:23]} Nf6 {[%clk 00:56:53]} {[%emt
00:00:10]} 4. e3 {[%clk 01:00:40]} {[%emt 00:00:05]} Be7 {[%clk 00:56:29]}
{[%emt 00:00:50]} 5. Nf3 {[%clk 01:00:54]} {[%emt 00:00:16]} O-O {[%clk
00:56:50]} {[%emt 00:00:28]} 6. Nc3 {[%clk 01:01:13]} {[%emt 00:00:08]} b6
{[%clk 00:56:09]} {[%emt 00:00:58]} 7. Be2 {[%clk 01:00:42]} {[%emt 00:00:57]}
dxc4 {[%clk 00:56:16]} {[%emt 00:00:48]} 8. Bxc4 {[%clk 01:01:00]} Bb7 {[%clk
00:56:42]} 9. a3 {[%clk 01:00:47]} {[%emt 00:00:59]} c5 {[%clk 00:54:45]}
{[%emt 00:02:19]} 10. O-O {[%clk 00:58:38]} {[%emt 00:02:22]} cxd4 {[%clk
00:53:36]} {[%emt 00:01:39]} 11. Nxd4 {[%clk 00:57:50]} {[%emt 00:01:18]} Nc6
{[%clk 00:53:04]} {[%emt 00:01:51]} 12. Nxc6 {[%clk 00:57:10]} {[%emt
00:00:23]} Bxc6 {[%clk 00:49:50]} {[%emt 00:04:21]} 13. Qxd8 {[%clk 00:52:56]}
{[%emt 00:04:08]} Rfxd8 {[%clk 00:50:02]} {[%emt 00:00:53]} 14. Rfd1 {[%clk
00:53:04]} {[%emt 00:00:05]} Rxd1+ {[%clk 00:50:08]} {[%emt 00:00:09]} 15. Rxd1
{[%clk 00:53:24]} {[%emt 00:00:08]} Rd8 {[%clk 00:49:13]} {[%emt 00:01:23]} 16.
Rxd8+ {[%clk 00:53:38]} {[%emt 00:00:19]} Bxd8 {[%clk 00:49:32]} {[%emt
00:00:10]} 17. f3 {[%clk 00:53:28]} {[%emt 00:00:42]} Nd5 {[%clk 00:48:04]}
{[%emt 00:01:54]} 18. Nxd5 {[%clk 00:51:07]} {[%emt 00:03:00]} exd5 {[%clk
00:48:24]} {[%emt 00:00:04]} 19. Bd3 {[%clk 00:50:46]} {[%emt 00:00:49]} a5
{[%clk 00:46:49]} {[%emt 00:02:07]} 20. b3 {[%clk 00:50:34]} {[%emt 00:00:40]}
b5 {[%clk 00:46:35]} {[%emt 00:00:44]} 21. Be5 {[%clk 00:50:31]} {[%emt
00:00:47]} Be7 {[%clk 00:46:19]} {[%emt 00:00:31]} 22. Bb2 {[%clk 00:49:59]}
{[%emt 00:01:27]} g6 {[%clk 00:44:44]} {[%emt 00:01:40]} 23. Kf2 {[%clk
00:49:31]} {[%emt 00:01:24]} f5 {[%clk 00:39:26]} {[%emt 00:05:35]} 24. g3
{[%clk 00:48:58]} {[%emt 00:00:50]} Kf7 {[%clk 00:39:37]} {[%emt 00:00:36]} 25.
h4 {[%clk 00:49:00]} {[%emt 00:00:18]} Bf6 {[%clk 00:39:06]} {[%emt 00:00:53]}
26. Bxf6 {[%clk 00:49:06]} {[%emt 00:00:27]} Kxf6 {[%clk 00:39:25]} {[%emt
00:00:39]} 27. f4 {[%clk 00:49:14]} b4 {[%clk 00:38:54]} {[%emt 00:00:53]} 28.
axb4 {[%clk 00:49:34]} {[%emt 00:00:37]} axb4 {[%clk 00:39:17]} {[%emt
00:00:05]} 29. Bf1 {[%clk 00:48:50]} {[%emt 00:00:48]} Ke7 {[%emt 00:01:11]}
1/2-1/2

[ePGN "0.1;DGT LiveChess/2.2.7"]

[Event "Williamson Sheild 2026"]
[Site "Maynard Sinclaire Pavilion, Stormont, Belfast, United Kingdom"]
[Date "2026.01.24"]
[Round "2.6"]
[White "Campbell, Andrew"]
[Black "Lavery, Robert"]
[Result "1-0"]
[TimeControl "60' + 30\""]
[WhiteFideId "2518392"]
[BlackFideId "2513323"]
[WhiteElo "1904"]
[BlackElo "1778"]

1. d4 {[%clk 01:00:55]} {[%emt 00:00:36]} g6 {[%clk 00:57:57]} {[%emt
00:03:15]} 2. e4 {[%clk 01:00:56]} Bg7 {[%clk 00:58:24]} 3. Nc3 {[%clk
01:01:21]} {[%emt 00:00:05]} c5 {[%clk 00:58:51]} 4. dxc5 {[%clk 01:00:15]}
{[%emt 00:01:29]} Bxc3+ {[%clk 00:59:14]} {[%emt 00:00:28]} 5. bxc3 {[%clk
01:00:40]} Qc7 {[%clk 00:58:49]} {[%emt 00:00:40]} 6. Nf3 {[%clk 01:00:04]}
{[%emt 00:01:05]} Nc6 {[%clk 00:58:32]} {[%emt 00:01:14]} 7. Be3 {[%clk
00:57:41]} {[%emt 00:02:27]} Nf6 {[%clk 00:57:27]} {[%emt 00:01:34]} 8. Bd3
{[%clk 00:56:52]} {[%emt 00:01:19]} d5 {[%clk 00:52:34]} {[%emt 00:05:23]} 9.
cxd6 {[%clk 00:55:01]} {[%emt 00:02:52]} Qxd6 {[%clk 00:52:58]} {[%emt
00:00:13]} 10. h3 {[%clk 00:54:13]} {[%emt 00:01:18]} b6 {[%clk 00:49:21]}
{[%emt 00:03:57]} 11. O-O {[%clk 00:54:01]} {[%emt 00:00:20]} Bb7 {[%clk
00:49:36]} {[%emt 00:00:09]} 12. Qe2 {[%clk 00:51:44]} {[%emt 00:02:47]} h6
{[%clk 00:46:48]} {[%emt 00:03:18]} 13. Rfd1 {[%clk 00:51:05]} {[%emt
00:01:08]} Qc7 {[%clk 00:47:02]} {[%emt 00:00:26]} 14. e5 {[%clk 00:44:53]}
{[%emt 00:06:37]} Nxe5 {[%clk 00:40:28]} {[%emt 00:07:00]} 15. Nxe5 {[%clk
00:45:12]} {[%emt 00:00:15]} Qxe5 {[%clk 00:40:51]} {[%emt 00:00:05]} 16. Bb5+
{[%clk 00:45:27]} {[%emt 00:00:13]} 1-0

[ePGN "0.1;DGT LiveChess/2.2.7"]

[Event "Williamson Sheild 2026"]
[Site "Maynard Sinclaire Pavilion, Stormont, Belfast, United Kingdom"]
[Date "2026.01.24"]
[Round "3.1"]
[White "Tahmanker, Mandar"]
[Black "Edens, Jack"]
[Result "1-0"]
[TimeControl "60' + 30\""]
[WhiteFideId "5019400"]
[BlackFideId "2521822"]
[WhiteElo "2081"]
[BlackElo "1825"]

1. d4 {[%clk 01:00:57]} {[%emt 00:00:09]} Nf6 {[%clk 01:00:55]} 2. Nf3 {[%clk
01:01:17]} {[%emt 00:00:06]} d5 {[%clk 01:00:59]} {[%emt 00:00:29]} 3. c4
{[%clk 01:01:23]} {[%emt 00:00:22]} e6 {[%clk 01:01:06]} {[%emt 00:00:30]} 4.
g3 {[%clk 01:01:40]} {[%emt 00:00:09]} c5 {[%clk 01:00:32]} {[%emt 00:01:00]} 5.
Bg2 {[%clk 01:01:52]} {[%emt 00:00:19]} Nc6 {[%clk 01:00:41]} {[%emt 00:00:32]}
6. O-O {[%clk 01:02:07]} {[%emt 00:00:34]} Be7 {[%clk 01:00:52]} {[%emt
00:00:04]} 7. Nc3 {[%clk 00:59:47]} {[%emt 00:02:34]} O-O {[%clk 01:00:33]}
{[%emt 00:00:51]} 8. cxd5 {[%clk 00:55:29]} {[%emt 00:04:46]} exd5 {[%clk
01:00:35]} {[%emt 00:00:28]} 9. Bg5 {[%clk 00:54:14]} {[%emt 00:01:46]} Be6
{[%clk 00:58:49]} {[%emt 00:02:14]} 10. Rc1 {[%clk 00:49:59]} {[%emt 00:05:12]}
h6 {[%clk 00:57:36]} {[%emt 00:01:16]} 11. Bxf6 {[%clk 00:47:52]} {[%emt
00:02:36]} Bxf6 {[%clk 00:57:26]} {[%emt 00:00:47]} 12. dxc5 {[%clk 00:48:09]}
{[%emt 00:00:09]} Be7 {[%clk 00:49:59]} {[%emt 00:07:55]} 13. Nb5 {[%clk
00:42:19]} {[%emt 00:06:53]} Qa5 {[%clk 00:47:53]} {[%emt 00:02:01]} 14. a4
{[%clk 00:38:40]} {[%emt 00:04:12]} a6 {[%clk 00:46:22]} {[%emt 00:02:01]} 15.
Nbd4 {[%clk 00:36:22]} {[%emt 00:02:48]} Rac8 {[%clk 00:41:16]} {[%emt
00:05:35]} 16. Nxe6 {[%clk 00:31:06]} {[%emt 00:06:29]} fxe6 {[%clk 00:41:09]}
{[%emt 00:00:08]} 17. Bh3 {[%clk 00:31:22]} {[%emt 00:00:04]} Rf6 {[%clk
00:39:23]} {[%emt 00:02:12]} 18. Qb3 {[%clk 00:25:09]} {[%emt 00:06:44]} Qc7
{[%clk 00:31:29]} {[%emt 00:08:23]} 19. Qe3 {[%clk 00:20:05]} {[%emt 00:05:35]}
Qd7 {[%clk 00:22:26]} {[%emt 00:09:34]} 20. Rfd1 {[%clk 00:19:23]} {[%emt
00:01:12]} Rcf8 {[%clk 00:19:30]} {[%emt 00:03:51]} 21. Rd2 {[%clk 00:16:47]}
{[%emt 00:02:40]} d4 {[%clk 00:13:43]} {[%emt 00:06:17]} 22. Nxd4 {[%clk
00:15:00]} {[%emt 00:02:20]} Nxd4 {[%clk 00:13:45]} {[%emt 00:00:24]} 23. Rxd4
{[%clk 00:15:01]} {[%emt 00:00:38]} Qc6 {[%clk 00:10:58]} {[%emt 00:03:37]} 24.
Bg2 {[%clk 00:13:05]} {[%emt 00:01:59]} Qc7 {[%clk 00:08:18]} {[%emt 00:03:07]}
25. Rb4 {[%clk 00:11:32]} {[%emt 00:02:03]} Rxf2 {[%clk 00:05:09]} {[%emt
00:03:39]} 26. Bf3 {[%clk 00:10:55]} {[%emt 00:01:20]} R2xf3 {[%clk 00:04:39]}
{[%emt 00:00:46]} 27. exf3 {[%clk 00:11:16]} {[%emt 00:00:27]} Qc6 {[%clk
00:03:56]} {[%emt 00:00:56]} 28. Re4 {[%clk 00:10:44]} {[%emt 00:01:00]} Bg5
{[%clk 00:02:17]} {[%emt 00:02:11]} 29. f4 {[%clk 00:10:58]} {[%emt 00:00:43]}
Bf6 {[%clk 00:02:43]} 30. b3 {[%clk 00:09:08]} {[%emt 00:01:56]} Qd5 {[%clk
00:02:16]} {[%emt 00:00:55]} 31. Kg2 {[%clk 00:07:14]} {[%emt 00:02:25]} e5
{[%clk 00:02:20]} {[%emt 00:00:27]} 32. Rf1 {[%clk 00:06:12]} {[%emt 00:01:33]}
exf4 {[%clk 00:01:17]} {[%emt 00:01:33]} 33. Rfxf4 {[%clk 00:06:23]} {[%emt
00:00:17]} Rd8 {[%clk 00:00:58]} {[%emt 00:00:50]} 34. Rf3 {[%clk 00:06:10]}
{[%emt 00:00:43]} Kh7 {[%clk 00:00:48]} {[%emt 00:00:43]} 35. Re8 {[%clk
00:05:37]} {[%emt 00:01:00]} Rxe8 {[%clk 00:00:53]} {[%emt 00:00:25]} 36. Qxe8
{[%clk 00:06:04]} {[%emt 00:00:22]} Qxc5 {[%clk 00:00:55]} {[%emt 00:00:36]} 37.
Qe4+ {[%clk 00:06:21]} {[%emt 00:00:05]} Kh8 {[%clk 00:00:49]} {[%emt
00:00:17]} 38. Qxb7 {[%clk 00:06:27]} {[%emt 00:00:37]} a5 {[%clk 00:00:46]}
{[%emt 00:00:20]} 39. Qa8+ {[%clk 00:05:41]} {[%emt 00:01:15]} Kh7 {[%clk
00:01:05]} {[%emt 00:00:30]} 40. Qe4+ {[%clk 00:06:08]} {[%emt 00:00:05]} Kh8
{[%clk 00:01:16]} {[%emt 00:00:08]} 41. Qc4 {[%clk 00:06:13]} {[%emt 00:00:19]}
Qe5 {[%clk 00:00:45]} {[%emt 00:00:58]} 42. Qc8+ {[%clk 00:06:36]} {[%emt
00:00:43]} Kh7 {[%clk 00:00:43]} 43. Qf5+ {[%clk 00:07:03]} {[%emt 00:00:04]}
Qxf5 {[%clk 00:01:03]} {[%emt 00:00:05]} 44. Rxf5 {[%clk 00:07:31]} {[%emt
00:00:17]} Bc3 {[%clk 00:01:26]} {[%emt 00:00:07]} 45. Rc5 {[%clk 00:07:46]}
Bb4 {[%clk 00:01:24]} {[%emt 00:00:33]} 46. Rc4 {[%clk 00:08:14]} {[%emt
00:00:04]} Bd2 {[%clk 00:01:30]} {[%emt 00:00:23]} 47. Kf3 {[%clk 00:08:40]}
{[%emt 00:00:05]} Kg6 {[%clk 00:01:47]} {[%emt 00:00:10]} 48. Ke2 {[%clk
00:08:49]} {[%emt 00:00:28]} Bg5 {[%clk 00:02:04]} {[%emt 00:00:31]} 49. Rc6+
{[%clk 00:09:05]} {[%emt 00:00:13]} Kf7 {[%clk 00:02:23]} {[%emt 00:00:05]} 50.
Kd3 {[%clk 00:09:14]} {[%emt 00:00:08]} 1-0

[ePGN "0.1;DGT LiveChess/2.2.7"]